01932nmm a2200253 a 4500001001500000003000400015005001700019008004100036020001500077040000600092082002300098110003400121245011300155260004600268300003100314500001800345520105300363700001701416700002101433856008201454942001201536999001701548952011301565ASINB00AK98FT4OSt20170105102910.0131025s2006 xxu eng d a8177587951 aa a327.0973bOBS 20060 aObserver Research Foundation.14aThe second bush presidencybglobal perspectives /cObserver Research Foundation, Amit Gupta, Cherian Samuel. a[S.l.] :bPearson Education India,c2006. a1 online resource (224 p.) aKindle eBook. aThe Second Bush Presidency: Global Perspectives contains nine national perspectives on what a second Bush term portends for the world. Taken on one yardstick, five of the countries chosen (including the US) are members of the Security Council; using another, four are members of the BRIC quartet, emerging economies whose potential is such that they are expected to dominate the world economy in the years to come. All these countries have a difficult job of fashioning their foreign policy responses to the US while keeping in view their own national objectives as well as a host of other factors. The contributors to this book analyse not only the tangible factors but also the various intangibles—the personal equations the leaders of these countries have with their American counterpart as well as domestic equations within the United States to make up a whole that is at once interesting and enlightening. This book attempts to be a modest primer for policy makers in this direction: a must-read for policy makers in every part of the globe.1 aGupta, Amit.1 aSamuel, Cherian.403Amazon.comuhttp://www.amazon.com/exec/obidos/ASIN/B00AK98FT4/chopaconline-20 2ddccBK c15056d15056 001040708NFICaCIPSbCIPScGENd2013-10-01l0o327.0973 OBS 2006pCIPS0001618r2013-10-25w2013-10-25yBK